Celoplošné testovanie ako nástroj boja proti pandémii Covid-19

Pandémia covid-19, ktorá v dramaticky krátkom čase spôsobila globálne spoločenské a ekonomické narušenie života spoločnosti, zmenila život i spôsob myslenia takmer celého ľudstva. Zdravotnícke zariadenia v priebehu krátkeho času v dôsledku zahltenia prešli na telemedicínu a množstvo plánovaných oper...

Descrizione completa

Salvato in:
Dettagli Bibliografici
Autore principale: Bosák, Martin, 1967-
Altri autori: Dugas, Jaroslav, 1967-, Boltun, Erik, 1984-
Natura: Capitolo di libro
Lingua:slovacco
Soggetti:
Tags: Aggiungi Tag
Nessun Tag, puoi essere il primo ad aggiungerne!!

MARC

LEADER 00000naa$a2200000$$$4500
001 0298590
005 20240502074528.1
041 0 |a slo 
044 |a SK 
245 1 0 |a Celoplošné testovanie ako nástroj boja proti pandémii Covid-19  |c Martin Bosák, Jaroslav Dugas, Erik Boltun 
520 |a Pandémia covid-19, ktorá v dramaticky krátkom čase spôsobila globálne spoločenské a ekonomické narušenie života spoločnosti, zmenila život i spôsob myslenia takmer celého ľudstva. Zdravotnícke zariadenia v priebehu krátkeho času v dôsledku zahltenia prešli na telemedicínu a množstvo plánovaných operácií boli posunuté na neurčito, čo spôsobilo množstvo nevynútených úmrtí. Zároveň viedla k odloženiu, alebo zrušeniu väčšiny športových, náboženských, politických a kultúrnych udalostí, rozsiahlych nedostatkov potravín, zapríčinených panickým nakupovaním. Vzdelávacie inštitúcie boli čiastočne, alebo úplne zatvorené a mnohé z nich prešli na online vzdelávanie. Úrady na celom svete zareagovali implementáciou rôznych obmedzení v snahe zabrániť negatívnym dôsledkom pandémie covid-19, predovšetkým množstvu úmrtí v krajine. V tejto súvislosti vláda SR rozhodla o celoplošnom testovaní v októbri-novembri 2020. 
610 2 0 |a pandémia 
610 2 0 |a testy 
610 2 0 |a úmrtnosť 
610 2 0 |a rozvoj hospodársky 
610 2 0 |a udržateľnosť 
610 2 0 |a Slovensko 
100 1 |a Bosák, Martin, 1967- 
700 1 |a Dugas, Jaroslav, 1967- 
700 1 |a Boltun, Erik, 1984-